000 01679nam a2200409 a 4500
001 000026612
003 DO-SdBNP
005 20170906112220.0
007 000026612
008 090713s2003 dr abc e 000 0 spa d
020 _a9993466026 (v.1)
020 _a9993466018 (v.2)
020 _a9993466093 (v.3)
020 _a9993466093 (v.4)
020 _a99966050 (v.5)
020 _a9993466085 (v.6)
020 _a9993466069 (v.7)
020 _a9993466077 (v.9)
020 _a9993466034 (v.10)
020 _a9993466034 (v.11)
040 _aBPMSU
_bspa
_cBPMSU
049 _a
082 4 _aR 036.97293
_bE56r
245 0 0 _aEnciclopedia ilustrada de la República Dominicana./
_cdirector Johnny f. Nieves Gil...[y otros]
260 _aSanto Domingo :
_bEDUPROGRESO,
_c2003.
300 _a11 v. :
_bil., mapa, retrs. ;
_c30 cm.
505 _gv. 1.
_tv. 1 - Guía conceptual
_gv. 2.
_tv.2 - Biografías
_gv.3-4
_tv.3-4 - Capital y províncias
_gv.5.
_tv.5 - Ecología y medio ambiente
_gv.6.
_tv.6 - Lengua, literatura y arte
_gv.7.
_tv.7 - Historia
_gv. 8.
_tv.8 - Geografía
_gv. 9.
_tv.9 - Cultura, educación y deportes
_gv. 10-11
_tv.10-11 - Economía y estadísticas.
650 4 _aGEOGRAFÍA
_zREPÚBLICA DOMINICANA
_vDICCIONARIOS Y ENCICLOPEDIAS
650 4 _aECONOMÍA
_zREPÚBLICA DOMINICANA
_vDICCIONARIOS Y ENCICLOPEDIAS
651 4 _aREPÚBLICA DOMINICANA
_vDICCIONARIOS Y ENCICLOPEDIAS
651 4 _aREPÚBLICA DOMINICANA
_xHISTORIA
_vDICCIONARIOS Y ENCICLOPEDIAS
700 _4Nieves Gil, Johnny F.
910 _aValidado. Control de calidad BNPHU
942 _2ddc
_cBK
945 _aInventariado / 2017 VM
956 _aVMATEO
_b10
_c20140507
_lBPMSU
_h0069
999 _c7204
_d7204